000 00786nam a2200205Ii 4500
003 JO-AjNU
008 230605s9999||||xx |||||||||||||| ||und||
040 _aJO-AjNU
_bara
_erda
_cJO-AjNU
041 _aara
050 1 4 _aHV6025 .S2778 1983
100 3 _aتأليف: الساعاتي، سامية حسن,
_eauthor
_919774
245 0 0 _aالجريمة والمجتمع : بحوث في علم الاجتماع الجنائي
250 _aط2
264 3 1 _aبيروت: دار النهضة العربية للطباعة والنشر، 1983
300 _a244ص
_bيحتوي على ببلوغرافية من 231-244ص
336 _atext
_btxt
_2rdacontent
337 _aunmediated
_bn
_2rdamedia
338 _avolume
_bnc
_2rdacarrier
650 4 _aالجريمة والمجرمون
_919775
999 _aA6585
_c10153
_d10153